MARC

LEADER 00000nam0a2200000 4500
001 294555
005 20231102000718.0
020 |a RU  |b 83-82402 
035 |a (RuTPU)RU\TPU\book\319628 
090 |a 294555 
100 |a 20150514d1983 k y0rusy5003 ca 
101 0 |a rus 
102 |a RU 
105 |a a z 001zy 
200 1 |a Приближенные методы исследования нелинейных систем с невозрастающим модулем частотной характеристики  |f Г. В. Логинов 
210 |a Саратов  |c Изд-во Сарат. ун-та  |d 1983 
215 |a 146 с.  |c ил. 
320 |a Библиогр.: с. 137 
606 1 |a Автоматические системы регулирования  |x Нелинейные  |2 stltpush  |3 (RuTPU)RU\TPU\subj\803  |9 29609 
610 1 |a математические исследования 
610 1 |a приближенные методы 
610 1 |a модули системы 
610 1 |a частотные характеристики 
610 1 |a аналитические методы 
610 1 |a степень устойчивости 
610 1 |a автоколебания 
610 1 |a гистерезис 
610 1 |a гистерезисные нелинейности 
675 |a 681.511.4  |z rus  |v 3 
700 1 |a Логинов  |b Г. В.  |g Григорий Викентьевич 
801 0 |a RU  |b RuMRKP  |c 19950704  |g psbo 
801 1 |a RU  |b 63413507  |c 20150514 
801 2 |a RU  |b 63413507  |c 20170721  |g RCR 
942 |c BK